000 00421nam a2200181Ia 4500
001 10541
005 20260306161839.0
008 260306t2016||||xx |||||||||||||| ||spa||
041 _aESP
082 _a940.2
_bW78
100 _aWolf, Eric R.
_eAUT
245 0 _aEuropa y la gente sin historia
260 _c2016
300 _a600 páginas :
_c23 cm.
650 _aGEN
654 _aCHU
942 _cLIB
_dJUS
_fJUS
_2ddc
_n
999 _c10541
_d10541